01125nam a2200241 a 450000100100000000500170001000800410002704000250006808200170009310000470011024501480015725000110030526001730031630000270048949000460051665000400056270000460060270000400064883000530068804900090074195201160075099900170086600002900620200930055254.0110208s2000 dr a 000 0 spa d aDO-SdBNPbspacBNPHU a304.6bR696i1 aRodríguez Sepúlveda, Bienvenida95115510aIntroducción al lenguaje demográfico /cBienvenida Rodríguez Sepúlveda, Ramón Orlando Jiménez Pérez, Juan Antonio Cruz Triffolio. a2a ed. aSanto Domingo :bSecretaría de Estado de Salud Pública y Asistencia Social ;bConsejo Nacional de Población y Familia (CONAPOFA),c2000fEditorial el Nuevo Diario a51 P. :bil. ;c22 cm.1 aCuadernos de Población y Familiavno. 1 4aDemografíaxTerminología9511561 aJiménez Pérez, Ramón Orlando9559301 aCruz Triffolio, Juan Antonio955931 0aCuadernos de Población y Familianno. 1951157 aBNPD 00107-18PDaPDbPDcOId2011-04-13iLF1l0o304.6 R696ip29006-10r2020-06-25w2020-06-25yLFPDZNo se presta c28498d28498